Movies Quiz

Random Movies or Disney Quiz

(Official) Disney Princesses [Clickable] Quiz Stats

 Plays Quiz not verified by Sporcle

Also try: Movies of 1981
Challenge
Share
Tweet
Embed
Score 0/13 Timer 06:00
0 Plays Today
% Correct
Snow White
95.8%
Cinderella
95.1%
Aurora
94.6%
Rapunzel
94.6%
Jasmine
94.6%
Ariel
93.8%
Pocahontas
93.4%
Belle
93.2%
Mulan
92.2%
Merida
88.6%
Elsa
82.8%
Tiana
80.8%
Anna
79.9%

You're not logged in!

Compare scores with friends on all Sporcle quizzes.
OR
Log In

You Might Also Like...

Show Comments

Extras

Top Quizzes Today


Score Distribution

Your Account Isn't Verified!

In order to create a playlist on Sporcle, you need to verify the email address you used during registration. Go to your Sporcle Settings to finish the process.

Report this User

Report this user for behavior that violates our Community Guidelines.

Details: